|
|
|
|
| LEADER |
00000cam a2200000 7i4500 |
| 001 |
0000005703 |
| 005 |
20201201093000.0 |
| 008 |
021119s1992 my may |
| 090 |
0 |
0 |
|a BP75.29.I52
|b B3415
|
| 100 |
1 |
|
|a خضري, محمد ,
|d 1872-1927 ,
|e author
|
| 240 |
0 |
0 |
|a نور اليقين في سيرة سيد المرسلين
|l [Bahasa Malaysia]
|
| 245 |
1 |
0 |
|a Terjamah Nurul yaqien fii siirah sayyidil mursalin
|c Syeikh Muhammad al-Khudlari Bek ; [penterjemah], Achmad Sunarto
|
| 260 |
2 |
|
|a Kuala Lumpur :
|b Asy-Syifa' Darulfikir ,
|c [1992]
|
| 300 |
|
|
|a xix, 434 p. ;
|c 22 cm.
|
| 500 |
|
|
|a Translation of: Nur al-yaqin fi sirat Sayyid al-Mursalin
|
| 600 |
0 |
0 |
|a Muhammad ,
|c Prophet ,
|d - 632
|
| 999 |
|
|
|a 1000000037
|b Book
|c OPEN SHELF (30 DAYS)
|e Gong Badak Campus
|
| 999 |
|
|
|a 1000000038
|b Book
|c OPEN SHELF (30 DAYS)
|e Gong Badak Campus
|